Separating sovereignty and sharing problems: Australian federalism and the European Union (Record no. 110026)

000 -LEADER
fixed length control field 01461pab a2200193 454500
008 - FIXED-LENGTH DATA ELEMENTS--GENERAL INFORMATION
fixed length control field 180718b2015 xxu||||| |||| 00| 0 eng d
100 ## - MAIN ENTRY--PERSONAL NAME
Personal name Kay, Adrian
245 ## - TITLE STATEMENT
Title Separating sovereignty and sharing problems: Australian federalism and the European Union
260 ## - PUBLICATION, DISTRIBUTION, ETC.
Date of publication, distribution, etc. 2015
300 ## - PHYSICAL DESCRIPTION
Extent p.406-418.
362 ## - DATES OF PUBLICATION AND/OR SEQUENTIAL DESIGNATION
Dates of publication and/or sequential designation Dec
520 ## - SUMMARY, ETC.
Summary, etc. From its origins in the study of the European Union, the concept of multi-level governance (MLG) can contribute to understanding the capacity for, and barriers to, dynamism and innovation in the Australian federation. By placing the quality of the interactions between different jurisdictions at different spatial scales at the centre of analysis, the concept helps to underpin the argument that constitutional change in formal roles and responsibilities is not sufficient, and may not even be necessary, for reform of Australian federalism. The following steps are made in the paper. The first defines the main elements of MLG and its advantages for extra-constitutional analysis of multi-level policy coordination. The characteristics of MLG observed in contemporary Australian federalism are set out next. The final section presents a critique of the current Reform of the Federation White Paper. - Reproduced.
650 ## - SUBJECT ADDED ENTRY--TOPICAL TERM
Topical term or geographic name entry element Sovereginty - Australia
650 ## - SUBJECT ADDED ENTRY--TOPICAL TERM
Topical term or geographic name entry element European Union
650 ## - SUBJECT ADDED ENTRY--TOPICAL TERM
Topical term or geographic name entry element Federalism - Australia
650 ## - SUBJECT ADDED ENTRY--TOPICAL TERM
Topical term or geographic name entry element Federalism
773 ## - HOST ITEM ENTRY
Main entry heading Australian Journal of Public Administration
909 ## -
-- 110031
Holdings
Withdrawn status Lost status Damaged status Not for loan Permanent Location Current Location Date acquired Serial Enumeration / chronology Barcode Date last seen Price effective from Koha item type
        Indian Institute of Public Administration Indian Institute of Public Administration 2018-07-19 Volume no: 74, Issue no: 4 AR110491 2018-07-19 2018-07-19 Articles

Powered by Koha